00357 a2200121 450000100060000002000180000608200160002410000170004024501180005726000270017530000120020260000210021467556 a9781848001541 a629.822 THO aThoma,Morari aLncis lecture Notes in Control and information Sciences Recent Advances in learning and controlcM.Thoma,M Morari aLondonbSpringerc2008 axii 277 aM.Thoma,M.Morari